Statistics for Most Guessed Asian Capitals

Click here to take the quiz!

General Stats

  • This quiz has been taken 40,712 times
    (40,703 since last reset)
  • The average score is 8 of 11

Answer Stats

%Capital% Correct
94Tokyo
97%
92Beijing
96%
91New Delhi
89%
89
Seoul
82%
83Bangkok
75%
82Tehran
63%
82Manila
62%
83Baghdad
57%
86Singapore
57%
85Jerusalem
55%
83Kabul
38%

Score Distribution

Percentile by Number Answered

Percent of People with Each Score

Your Score History

You have not taken this quiz since the last reset